| 000 | 00698nam a2200229 a 4500 | ||
|---|---|---|---|
| 001 | 12859 | ||
| 003 | BD-RjUL | ||
| 005 | 20211208235351.0 | ||
| 008 | 140129r19571948maua 000 0 eng d | ||
| 035 | _a(BD-RjUL)12909 | ||
| 040 |
_aDLC _beng _cDLC _dBD-RjUL |
||
| 041 | _aeng | ||
| 082 | 0 | 4 |
_216 _a621.34 _bWIC 1957 |
| 100 | 1 |
_aWiener, Norbert, _d1894-1964. _91146 |
|
| 245 | 1 | 0 |
_aCybernetics : _bor control and communication in the animal and the machine / _cNorbert Wiener. |
| 260 |
_aNew York : _bWiley, _cc1948 [printing 1957]. |
||
| 300 |
_a194 p. : _bill. ; _c24 cm. |
||
| 650 | 0 |
_aMathematical statistics. _940070 |
|
| 650 | 0 |
_aCybernetics. _940071 |
|
| 942 |
_2ddc _cBK |
||
| 999 |
_c12859 _d12859 |
||